Numerical recipes example book (FORTRAN) / (Record no. 15209)
[ view plain ]
| 000 -LEADER | |
|---|---|
| fixed length control field | 01062cam a2200313 a 4500 |
| 001 - CONTROL NUMBER | |
| control field | TB12678 |
| 003 - CONTROL NUMBER IDENTIFIER | |
| control field | IN-BhIIT |
| 005 - DATE AND TIME OF LATEST TRANSACTION | |
| control field | 20260116162233.0 |
| 008 - FIXED-LENGTH DATA ELEMENTS--GENERAL INFORMATION | |
| fixed length control field | 860310s1985 enk 001 0 eng |
| 020 ## - INTERNATIONAL STANDARD BOOK NUMBER | |
| ISBN | 9780521437219 (pbk.) |
| 040 ## - CATALOGING SOURCE | |
| Original cataloging agency | IN-BhIIT |
| 041 ## - LANGUAGE CODE | |
| Language code of text | eng |
| 082 00 - DEWEY DECIMAL CLASSIFICATION NUMBER | |
| Classification number | 518.2015153 |
| Book number | VET/N |
| 100 ## - MAIN ENTRY--AUTHOR NAME | |
| Personal name | Vetterling, William T. |
| Relator term | Author |
| 245 00 - TITLE STATEMENT | |
| Title | Numerical recipes example book (FORTRAN) / |
| Statement of responsibility, etc | William T. Vetterling ... [et al]. |
| 260 ## - PUBLICATION, DISTRIBUTION, ETC. (IMPRINT) | |
| Place of publication | New York : |
| Name of publisher | Cambridge University Press, |
| Year of publication | 1985. |
| 300 ## - PHYSICAL DESCRIPTION | |
| Number of Pages | viii, 179 p. : |
| Other physical details(ill.) | ill. ; |
| Dimensions(size) | 24 cm. |
| 490 ## - SERIES STATEMENT | |
| Series statement | Numerical Recipes |
| 500 ## - GENERAL NOTE | |
| General note | Includes index. |
| 504 ## - BIBLIOGRAPHY, ETC. NOTE | |
| Bibliography, etc | Includes bibliographical references and index. |
| 650 #0 - SUBJECT ADDED ENTRY--TOPICAL TERM | |
| Topical Term | Numerical language |
| Topical Term | FORTRAN [computer program language] |
| Topical Term | Numerical Analysis |
| Topical Term | Programming Languages |
| 700 1# - ADDED ENTRY--PERSONAL NAME | |
| Personal name | Press, William H. |
| Relator term | Joint author |
| Personal name | Teukolsky, Saul A. |
| Relator term | Joint author |
| Personal name | Fannery, Brain P. |
| Relator term | Joint author |
| 942 ## - ADDED ENTRY ELEMENTS (KOHA) | |
| Koha item type | Text Book |
| Withdrawn status | Lost status | Damaged status | Not for loan | Collection code | Home library | Current library | Date acquired | Source of acquisition | Cost, normal purchase price | Full call number | Accession Number | Cost, replacement price | Price effective from | Koha item type |
|---|---|---|---|---|---|---|---|---|---|---|---|---|---|---|
| Not withdrawn | Not Lost | not damaged | SMS | Central Library, IIT Bhubaneswar | Central Library, IIT Bhubaneswar | 08/12/2025 | 31 | 3825.05 | 518.2015153 VET/N | TB12677 | 5239.80 | 08/12/2025 | Course Reserve | |
| Not withdrawn | Not Lost | not damaged | SMS | Central Library, IIT Bhubaneswar | Central Library, IIT Bhubaneswar | 08/12/2025 | 31 | 3825.05 | 518.2015153 VET/N | TB12678 | 5239.80 | 08/12/2025 | Text Book |